|
|
|
|
| LEADER |
00000cam a2200000 7i4500 |
| 001 |
0000002063 |
| 005 |
20020919.0 |
| 020 |
0 |
0 |
|a 9678912481
|
| 090 |
0 |
0 |
|a R344.046
|b MAL 2002
|
| 110 |
1 |
0 |
|a MALAYSIA
|
| 245 |
1 |
0 |
|a Environmental Quality Act 1974 (Act 127) & subsidiary legislation :
|b (as at 5th June 2002)
|c compiled by Legal Research Board
|
| 260 |
0 |
0 |
|a Petaling Jaya, Selangor :
|b International Law Book Services ,
|c 2002
|
| 300 |
|
|
|a 269 p. ;
|c 25 cm.
|
| 440 |
0 |
0 |
|a Laws of Malaysia
|
| 650 |
0 |
0 |
|a Environmental law
|z Malaysia
|
| 998 |
|
|
|a JPSM
|
| 999 |
|
|
|a 0000003426
|b Monograph
|c Reference
|e Default branch
|